000 00655nam a2200217Ia 4500
003 OSt
005 20221007082411.0
006 a|||||r|||| 00| 0
007 ta
008 221006b |||||||| |||| 00| 0 eng d
024 _a29,796
037 _cReports / Technical Reports
040 _aFLL
_cFLL
_beng
041 _2eng
_aeng
082 _aX:517:Z1, L9
245 0 _aFirst draft of a model law or laws on restrictive business practices to assist developing countries in devising appropriate legislation
260 _c1979
300 _a19
_ccm.
942 _hX:517:Z1, L9
_cREP
_2CC
999 _c1166300
_d1166300